LEADER 02536nam 2200625Ia 450 001 9910456675103321 005 20200520144314.0 010 $a1-282-44108-6 010 $a9786612441080 010 $a981-279-431-X 035 $a(CKB)2550000000003371 035 $a(EBL)477204 035 $a(OCoLC)608624744 035 $a(SSID)ssj0000335207 035 $a(PQKBManifestationID)11266977 035 $a(PQKBTitleCode)TC0000335207 035 $a(PQKBWorkID)10272193 035 $a(PQKB)10254373 035 $a(MiAaPQ)EBC477204 035 $a(WSP)00002041 035 $a(Au-PeEL)EBL477204 035 $a(CaPaEBR)ebr10361860 035 $a(CaONFJC)MIL244108 035 $a(EXLCZ)992550000000003371 100 $a20090329d2009 uy 0 101 0 $aeng 135 $aur|n|---||||| 181 $ctxt 182 $cc 183 $acr 200 10$aBioelectronic vision$b[electronic resource] $eretina models, evaluation metrics, and system design /$fJoa?o C. Martins, Leonel A. Sousa 210 $aHackensack, NJ $cWorld Scientific$dc2009 215 $a1 online resource (271 p.) 225 1 $aSeries on bioengineering & biomedical engineering ;$v3 300 $aDescription based upon print version of record. 311 $a981-279-430-1 320 $aIncludes bibliographical references (p. 233-240) and index. 327 $aPreface; Acknowledgments; Contents; List of Figures; List of Tables; List of Acronyms; 1. Introduction to Bioelectronic Vision; 2. The Human Visual System; 3. Characterization of the Neural Response; 4. Retina Models; 5. Neural Activity Metrics and Models Assessment; 6. Design and Implementation of Bioelectronic Vision Systems; Bibliography; Index 330 $aThis book provides a sound mathematical and technical perspective in functional and structural retina models, presents evaluation metrics to assess those models, and provides insights about the models hardware implementation. 410 0$aSeries on bioengineering and biomedical engineering ;$vv. 3. 606 $aArtificial vision 606 $aBiomedical engineering 608 $aElectronic books. 615 0$aArtificial vision. 615 0$aBiomedical engineering. 676 $a611.84 700 $aMartins$b Joa?o C$g(Joa?o Carlos)$059793 701 $aSousa$b Leonel A$g(Leonel Augusto)$0731074 801 0$bMiAaPQ 801 1$bMiAaPQ 801 2$bMiAaPQ 906 $aBOOK 912 $a9910456675103321 996 $aBioelectronic vision$91440149 997 $aUNINA LEADER 01114nam a2200349 i 4500 001 991001154609707536 005 20020507184236.0 008 960916s1967 us ||| | eng 035 $ab10808309-39ule_inst 035 $aLE01307882$9ExL 040 $aDip.to Matematica$beng 082 0 $a515.38 084 $aAMS 39-01 084 $aAMS 39-XX 084 $aAMS 45-XX 084 $aAMS 45J05 084 $aAMS 45K05 100 1 $aSaaty, Thomas L.$014108 245 10$aModern nonlinear equations /$cThomas L. Saaty 260 $aNew York :$bMcGraw-Hill,$cc1967 300 $axv, 473 p. ;$c23 cm. 500 $aIncludes bibliographies 650 4$aDifference equations 650 4$aFunctional equations 650 4$aIntegral equations 650 4$aNonlinear theories 907 $a.b10808309$b21-09-06$c28-06-02 912 $a991001154609707536 945 $aLE013 39-XX SAA11 (1967)$g1$i2013000059921$lle013$o-$pE0.00$q-$rl$s- $t0$u0$v0$w0$x0$y.i10913403$z28-06-02 996 $aModern nonlinear equations$9330816 997 $aUNISALENTO 998 $ale013$b01-01-96$cm$da $e-$feng$gus $h0$i1